[Estadística de las Sociedades de Caridad, que para el socorro de los contagios de la epidemia de las viruelas del año de 1797] (Record no. 107336)

MARC details
000 -LEADER
campo de control de longitud fija 02071nacaa2200385 i 4500
001 - NÚMERO DE CONTROL
campo de control MOR01000107663
005 - FECHA Y HORA DE LA ÚLTIMA TRANSACCIÓN
campo de control 20260331231012.0
008 - DATOS DE LONGITUD FIJA--INFORMACIÓN GENERAL
campo de control de longitud fija 190225s1798 mx g 000 spa d
035 ## - NÚMERO DE CONTROL DEL SISTEMA
Número de control de sistema 190380
040 ## - FUENTE DE CATALOGACIÓN
Centro catalogador/agencia de origen mxcmmo
Lengua de catalogación spa
Normas de descripción rda
Centro/agencia transcriptor mxcmmo
041 0# - CÓDIGO DE IDIOMA
Código de lengua del texto/banda sonora o título independiente spa
090 ## - LOCALMENTE ASIGNADO TIPO-LC NÚMERO DE CLASIFICACIÓN (OCLC); NÚMERO DE CLASIFICACIÓN LOCAL (RLIN)
Número de clasificación (OCLC) (R) ; Numero de clasificación, CALL (RLIN) (NR) CARR/3/1
245 01 - MENCIÓN DEL TÍTULO
Título [Estadística de las Sociedades de Caridad, que para el socorro de los contagios de la epidemia de las viruelas del año de 1797]
264 #1 - PRODUCCIÓN, PUBLICACIÓN, DISTRIBUCIÓN, FABRICACIÓN Y COPYRIGHT
Producción, publicación, distribución, fabricación y copyright México,
Fecha de producción, publicación, distribución, fabricación o copyright 1798
300 ## - DESCRIPCIÓN FÍSICA
Extensión 9 fojas con texto en anverso
336 ## - TIPO DE CONTENIDO
Término de tipo de contenido texto
Código de tipo de contenido txt
Fuente rdacontent
337 ## - TIPO DE MEDIO
Nombre/término del tipo de medio sin medio
Código del tipo de medio n
Fuente rdamedia
338 ## - TIPO DE SOPORTE
Nombre/término del tipo de soporte volumen
Código del tipo de soporte nc
Fuente rdacarrier
340 ## - MEDIO FÍSICO
Base y configuración del material Original, escrito a tinta sepia
490 0# - MENCIÓN DE SERIE
Mención de serie Colección Alberto María Carreño. Expediente 3
Designación de volumen o secuencia 1
500 ## - NOTA GENERAL
Nota general Buen estado, escrito en español
500 ## - NOTA GENERAL
Nota general Disponible en BIBLIOTECA DIGITAL
500 ## - NOTA GENERAL
Nota general Fecha del documento: 17 de febrero de 1798
500 ## - NOTA GENERAL
Nota general Tipo de documento: Impreso. Estadísticas
520 4# - RESUMEN, ETC.
Sumario, etc. "De las Sociedades de Caridad, que para el socorro delos contagios de la epidemia de Viruelas de1797, contuvo cada Quartel mayor de los ocho en que se divide México, los Muertos, Sanos y total de socorridos de cada Quartel, lo erogado en Alimentos, Abrigos, Medicinas, Médicos y Barberos, lo que soportaron las Sociedades, y libraron contra la Caxa de socorros, y el total de lo gastado cuyo Resumen se ha formado de los ocho Estados parciales de cada Quartel, comprobados con las Cuentas dadas por sus respectivas Sociedades, que manifiestan lo erogado por éstas, y lo que cada una libró y recibió de la Caxa"
650 #7 - PUNTO DE ACCESO ADICIONAL DE MATERIA--TÉRMINO DE MATERIA
Término de materia o nombre geográfico como elemento de entrada Enfermedades transmisibles
Subdivisión general Tratamiento
Subdivisión geográfica México
Subdivisión general Estadística
9 (RLIN) 192762
650 #7 - PUNTO DE ACCESO ADICIONAL DE MATERIA--TÉRMINO DE MATERIA
Término de materia o nombre geográfico como elemento de entrada Viruela
Subdivisión geográfica México
Subdivisión general Historia
-- Estadística
9 (RLIN) 192763
856 ## - LOCALIZACIÓN Y ACCESO ELECTRÓNICOS
Identificador Uniforme de Recurso <a href="https://mora.koha.es/odigital/compressed_Exp3Doc1_000156159.pdf">https://mora.koha.es/odigital/compressed_Exp3Doc1_000156159.pdf</a>
Nota pública Acceso PDF
900 ## - ELEMENTOS DE DATOS A LOCAL, LDA (RLIN)
Nombre de persona CATY
Numeración Verónica Silva
Títulos y otros términos asociados al nombre 20190315
Lenguaje de la obra MOR01
-- 1225
900 ## - ELEMENTOS DE DATOS A LOCAL, LDA (RLIN)
Nombre de persona MARC21
Numeración 40
Títulos y otros términos asociados al nombre 20190321
Lenguaje de la obra MOR01
-- 1215
900 ## - ELEMENTOS DE DATOS A LOCAL, LDA (RLIN)
Nombre de persona VOBO
Numeración 40
Títulos y otros términos asociados al nombre 20190726
Lenguaje de la obra MOR01
-- 1125
900 ## - ELEMENTOS DE DATOS A LOCAL, LDA (RLIN)
Nombre de persona VOBO
Numeración 40
Títulos y otros términos asociados al nombre 20240409
Lenguaje de la obra MOR01
-- 1302
904 ## - ELEMENTOS DE DATOS D LOCAL, LDD (RLIN)
a UPDATE
942 ## - ELEMENTOS DE ENTRADA SECUNDARIOS (KOHA)
Código de la institución [OBSOLETO] BK
901 ## - ELEMENTOS DE DATOS A LOCAL LDA (RLIN)
a batch batch
Holdings
Estatus retirado Estado de pérdida Fuente del sistema de clasificación o colocación Estado de daño No para préstamo Colección Biblioteca de origen Biblioteca actual Fecha de adquisición Total de préstamos Signatura topográfica completa Código de barras Visto por última vez Precio de reemplazo Tipo de ítem Koha Nota pública
    Otra/Esquema de Clasificación Genérico     Archivo Alberto María Carreño Biblioteca Digital Biblioteca Digital 20/02/2025   CDIG D03046 20/02/2025 20/02/2025 Digitalizado BIBLIOTECA DIGITAL